Logo CIB grande

RENOVACION INTENCIONAL: PROVOCANDO UN CAMBIO CERTERO EN LA EMPRESA PARA MEJORAR SUSTANCIALMENTE LOS RESULTADOS (Registro nro. 217453)

Detalles MARC
000 -LEADER
campo de control de longitud fija 00681nam a2200253Ia 4500
005 - FECHA Y HORA DE LA ÚLTIMA TRANSACCIÓN
campo de control 20250425161842.0
008 - DATOS DE LONGITUD FIJA--INFORMACIÓN GENERAL
campo de control de longitud fija 250425s9999 xx 000 0 und d
020 ## - NÚMERO INTERNACIONAL ESTÁNDAR DEL LIBRO
Número Internacional Estándar del Libro 9505373929
041 ## - CÓDIGO DE IDIOMA
Código de lengua del texto/banda sonora o título independiente spa
082 ## - NÚMERO DE LA CLASIFICACIÓN DECIMAL DEWEY
Número de clasificación 658
010 ## - NÚMERO DE CONTROL DE LA BIBLIOTECA DEL CONGRESO
Número de control de LC 32347
100 ## - ENTRADA PRINCIPAL--NOMBRE DE PERSONA
Nombre de persona BIASCA, RODOLFO E.
245 #0 - MENCIÓN DEL TÍTULO
Título RENOVACION INTENCIONAL: PROVOCANDO UN CAMBIO CERTERO EN LA EMPRESA PARA MEJORAR SUSTANCIALMENTE LOS RESULTADOS
250 ## - MENCION DE EDICION
Mención de edición 1A ED.
260 ## - PUBLICACIÓN, DISTRIBUCIÓN, ETC.
Lugar de publicación, distribución, etc. Argentina
Nombre del editor, distribuidor, etc. EDICCIONES MACCHI
Fecha de publicación, distribución, etc. 1997
260 ## - PUBLICACIÓN, DISTRIBUCIÓN, ETC.
Lugar de publicación, distribución, etc. BUENOS AIRES
300 ## - DESCRIPCIÓN FÍSICA
Extensión 423
650 ## - PUNTO DE ACCESO ADICIONAL DE MATERIA--TÉRMINO DE MATERIA
Término de materia o nombre geográfico como elemento de entrada ANALISIS (GENERAL)
650 ## - PUNTO DE ACCESO ADICIONAL DE MATERIA--TÉRMINO DE MATERIA
Término de materia o nombre geográfico como elemento de entrada EMPRESAS
650 ## - PUNTO DE ACCESO ADICIONAL DE MATERIA--TÉRMINO DE MATERIA
Término de materia o nombre geográfico como elemento de entrada ESTRUCTURAS
650 ## - PUNTO DE ACCESO ADICIONAL DE MATERIA--TÉRMINO DE MATERIA
Término de materia o nombre geográfico como elemento de entrada METODOLOGIA
650 ## - PUNTO DE ACCESO ADICIONAL DE MATERIA--TÉRMINO DE MATERIA
Término de materia o nombre geográfico como elemento de entrada MODELO-PROCESO
942 ## - ELEMENTOS DE ENTRADA SECUNDARIOS (KOHA)
Tipo de ítem Koha Libros
Existencias
Estatus retirado Estado de pérdida Estado de daño No para préstamo Biblioteca de origen Biblioteca actual Fecha de adquisición Coste, precio normal de compra Total de préstamos Código de barras Copia número
        ESCUELA DE NEGOCIOS ESCUELA DE NEGOCIOS 29/01/2001 150000.00   DP-01500 1

Copyright 2025 ESPOL. Todos los derechos reservados.